Fluid mechanics / (Record no. 13213)
[ view plain ]
| 000 -LEADER | |
|---|---|
| fixed length control field | 00413cam a2200169ua 4500 |
| 041 ## - LANGUAGE CODE | |
| Language code of text/sound track or separate title | eng |
| 082 ## - DEWEY DECIMAL CLASSIFICATION NUMBER | |
| Classification number | 532 |
| Item number | KES/FL |
| 100 ## - MAIN ENTRY--AUTHOR NAME | |
| Personal name | Kesavan, R . |
| 245 ## - TITLE STATEMENT | |
| Title | Fluid mechanics / |
| 260 ## - PUBLICATION, DISTRIBUTION, ETC. (IMPRINT) | |
| Place of publication | Chennai : |
| Name of publisher | Eswar press , |
| Year of publication | 2005. |
| 300 ## - PHYSICAL DESCRIPTION | |
| Number of Pages | 475 ; . |
| 700 1# - ADDED ENTRY--PERSONAL NAME | |
| Personal name | Senthil Kumar, S P . |
| 700 1# - ADDED ENTRY--PERSONAL NAME | |
| Personal name | Vijaya Ramanth, B . |
| 942 ## - ADDED ENTRY ELEMENTS (KOHA) | |
| Koha item type | Books |
| Withdrawn status | Lost status | Damaged status | Home library | Current library | Date acquired | Full call number | Accession Number | Koha item type |
|---|---|---|---|---|---|---|---|---|
| KAUAET | KAUAET | 07/04/2012 | 532 KES/FL | 21858 | Books |
